01286nam a2200301 a 450000100060000000300080000600500170001400800410003103500190007204000320009104100080012308200260013110000390015724501100019626000840030630000240039049000320041450400210044650500660046765000470053365100500058083000190063083000300064994200120067999900170069195201390070895201370084728421BD-RjUL20211209051300.0140330r19511914enk 000 0 eng u a(BD-RjUL)28502 aOUNdOCLdEQObengcBD-RjUL aeng a973.08bSPE V-1 19511 aBirley, Robert,d1903-1982.98702610aSpeeches and documents in American history /cselected and edited by Robert BirleynVOLUME I.p1776-1815. aLondon :bGeoffrey Cumberledge, Oxford University Press,c1914 [Reprinted 1951] axx ,291 p. :c15 cm1 aWorld's classics ;v488-491 aIncludes indexes0 aI. 1776-1815.--II. 1818-1865.--III. 1865-1913.--IV. 1914-1939 0aSpeeches, addresses, etc., American987027 0aUnited StatesxPolitics and government987028 0v488-491987044 0aWorld's classics ;987045 2ddccBK c28421d28421 00102ddc40728NFICaRUCLbRUCLcReadingd1954-10-25eO.U.Pg2.30l0o973.08 SPE V-1 1951r2014-03-30 00:00:00tC-1w2014-03-30yBK 00102ddc40708NFICaRUCLbRUCLcStackd1955-03-25eO.U.Pg2.13l0o973.08 SPE V-1 1951r2014-03-30 00:00:00tC-2w2014-03-30yBK